Statistics for Most Populated Cities in Least Populous Countries

Click here to take the quiz!

General Stats

  • This quiz has been taken 13 times
  • The average score is 6 of 15

Answer Stats

CountryCity Pop.City% Correct
Vatican City~800Vatican City
100%
Andorra20,430Andorra la Vella
69%
Saint Kitts and Nevis12,920Basseterre
62%
Tuvalu4,492Funafuti
62%
Antigua and Barbuda24,226St John's
62%
Seychelles~25,000Victoria
62%
Marshall Islands25,400Majuro
54%
Dominica16,571Roseau
54%
Tonga~25,500Nuku'alofa
46%
Liechtenstein5,748Schaan
15%
Palau~14,000Koror
8%
Nauru2,381Arijejen
0%
Monaco5,344Larvotto
0%
San Marino9,258Serravalle
0%
Federated States of Micronesia13,856Weno
0%

Score Distribution

Percentile by Number Answered

Percent of People with Each Score

Your Score History

You have not taken this quiz